Science Quiz

Random Science or Computer Quiz

Programming Language Creators Quiz Stats

Quiz Updated Aug 14, 2017

Challenge
Share
Tweet
Embed
Score 0/19 Timer 04:00
0 Plays Today
Creator(s) + Year Released Programming Language % Correct
James Gosling (1995)Java
78.6%
Dennis M. Ritchie (1972)C
72.9%
Bjarne Stroustrup (1979)C++
70%
Guido van Rossum (1991)Python
60.8%
Yukihiro Matsumoto (1995)Ruby
57.1%
Larry Wall (1987)Perl
57%
(Bonus!) Regarded as the world's first computer programmer (1842)Ada Lovelace
43.9%
Grace Hopper (1959)COBOL
41.3%
John Backus (1957)Fortran
40%
John McCarthy and Steve Russell (1958)Lisp
35.8%
Creator(s) + Year Released Programming Language % Correct
Rasmus Lerdorf (1995)PHP
35.6%
Robert Griesemer, Rob Pike, and Ken Thompson (2009)Go
35%
Anders Hejlsberg (2001)C#
31.1%
Brendan Eich (1995)JavaScript
29.7%
John G. Kemeny and Thomas E. Kurtz (1964)BASIC
24.6%
Guy L. Steele Jr. (1970s)Scheme
23.1%
Martin Odersky (2003)Scala
19.4%
Joe Armstrong (1987)Erlang
18%
James Strachan, Guillaume Laforge (2003)Groovy
10.2%

You're not logged in!

Compare scores with friends on all Sporcle quizzes.
Join for Free
OR
Log In

You Might Also Like...

Show Comments

Extras

Top Quizzes Today


Score Distribution

Your Account Isn't Verified!

In order to create a playlist on Sporcle, you need to verify the email address you used during registration. Go to your Sporcle Settings to finish the process.

Report this User

Report this user for behavior that violates our Community Guidelines.

Details: